000
00263nam a22001217a 4500
008
181206b xxu||||| |||| 00| 0 eng d
041
_a
eng
080
_2
3rd
_a
541
100
_a
12
101
_a
KIM
245
_a
Physical Chemistry
_c
Daniels,F
942
_2
udc
_c
BK
999
_c
52939
_d
52939